000 00652nam a2200229Ia 4500
005 20260429111924.0
008 260429s9999||||xx |||||||||||||| ||und||
020 _a9781032327594
041 _aEnglish
082 _a300.721
_bDUN
100 _aDunk- West, Priscilla
245 0 _aQualitative social research :
_bcritical methods for social change /
_cPriscilla Dunk- West
250 _a1st ed.
260 _aNew York :
_bRoutledge,
_c2024.
300 _aix, 105 p.; pbk
650 _a Qualitative methods
650 _a Research methodology
650 _a Sociology
650 _aSocial research
700 _a Saxton, Kate
942 _cTB
999 _c51440
_d51440